00226nam a22000977a 4500040000600000082001900006245004200025260004100067300001000108650001000118 c0 a891.439301,JAV aZero Point (Vol.2) /cJavid Chaudhary aLahorebAlim o Irfan Publisherc2009 a311 p aNoval